| 000 | 00735nam a22002537a 4500 | ||
|---|---|---|---|
| 001 | BR9602819 | ||
| 003 | BR-BrBNA | ||
| 005 | 20230928095013.0 | ||
| 007 | ta | ||
| 008 | 230509b bl.||||| |||| 00| 0 por d | ||
| 040 |
_aBR-BrBNA _bpor _cBiblioteca Nacional de Agricultura |
||
| 041 | _a(Por) | ||
| 072 | _aE80 | ||
| 090 | _ E80 BR9602819 | ||
| 100 | 1 | _aNunes, O. | |
| 110 | 1 |
_aInstituto de Desenvolvimento Rural do Amapa, Macapa (Brasil) _96019 |
|
| 245 | 1 | _aTreinamento para produtores. Fabricacao artesanal de produtos derivados do leite | |
| 260 | 3 |
_aMacapa, AP (Brasil): _c1995. |
|
| 300 | _a14 p. | ||
| 650 | _aProduto Derivado do Leite | ||
| 650 | _aCulinaria | ||
| 909 |
_a202309 _bLucia _c55 _dLucia Elande |
||
| 942 | _cBK | ||
| 999 |
_c53934 _d53934 |
||